<?xml version="1.0" encoding="UTF-8"?>
<record
    xmlns:xsi="http://www.w3.org/2001/XMLSchema-instance"
    xsi:schemaLocation="http://www.loc.gov/MARC21/slim http://www.loc.gov/standards/marcxml/schema/MARC21slim.xsd"
    xmlns="http://www.loc.gov/MARC21/slim">

  <leader>01514nam a2200145   4500</leader>
  <controlfield tag="001">14035</controlfield>
  <controlfield tag="005">20260310162240.0</controlfield>
  <datafield tag="010" ind1=" " ind2=" ">
    <subfield code="a">9782493939265</subfield>
  </datafield>
  <datafield tag="090" ind1=" " ind2=" ">
    <subfield code="a">14035</subfield>
  </datafield>
  <datafield tag="099" ind1=" " ind2=" ">
    <subfield code="o">0</subfield>
  </datafield>
  <datafield tag="100" ind1=" " ind2=" ">
    <subfield code="a">20260310d        u||y0frey50      ba</subfield>
  </datafield>
  <datafield tag="200" ind1=" " ind2=" ">
    <subfield code="a">La Voix des meutes</subfield>
    <subfield code="b">LIVR</subfield>
  </datafield>
  <datafield tag="214" ind1=" " ind2=" ">
    <subfield code="c">Le P&#xF4;ticha &#xE9;ditionle poticha</subfield>
  </datafield>
  <datafield tag="330" ind1=" " ind2=" ">
    <subfield code="a">"La voix des meutes" est une compilation rassemblant la presque totalit&#xE9; des textes publi&#xE9;s entre 2021 et 2024 par le P&#xF4;ticha. Cette compilation sort en &#xE9;dition limit&#xE9;e dans le cadre des 5 ans de notre maison d'&#xE9;dition associative. 

Avec les textes de MATH&#x130;LDE SOULHEBAN * MATH&#x130;LDE SEGONDS * &#xC9;LIO JACQUEL * ROMANE NiCOLAS * ANODRADHA
RUGHOONUNDUN* iSABELLE GASPAR* MAXiME BRiLLON * LAURiE GUiN* KAR&#x130;MA EL KHARRAZE * SOPHIE BAZY * CAMILLE FERRAND * LINDA MCLEAN* SARAH VER-MANDE * BLAND&#x130;NE P&#xC9;LiSSIER *LYDIE TAMISIER * CL&#xC9;MENCE ATTAR * MAG L&#xC9;V&#xCA;DUE * NOAH -DAI TRUONG* SAMA&#xCB;LE STEINER * A&#xCF;CHA EUZET* LEILA CASSAR * MARWANE LAKHAL * HA&#xCF;LA HESSOU* TH&#xC9;O PERRACHE * TH&#xC9;OPHILE DUBUS* 

SOUS LA DIRECTiON DE : MA&#xCB;VA MEUNIER &amp; ROMANE NICOLAS</subfield>
  </datafield>
  <datafield tag="700" ind1=" " ind2=" ">
    <subfield code="a">MATH&#x130;LDE SOULHEBAN * MATH&#x130;LDE SEGONDS * &#xC9;LIO JACQUEL * ROMANE NiCOLAS * ANODRADHA RUGHOONUNDUN* iSABELLE GASPAR* MAXiME BRiLLON * LAURiE GUiN* KAR&#x130;MA EL KHARRAZE * SOPHIE BAZY * CAMILLE FERRAND * LINDA MCLEAN* SARAH VER-MANDE * BLAND&#x130;NE P&#xC9;LiSSIER *LYDIE TAMISIER * CL&#xC9;MENCE ATTAR * MAG L&#xC9;V&#xCA;DUE * NOAH -DAI TRUONG* SAMA&#xCB;LE STEINER * A&#xCF;CHA EUZET* LEILA CASSAR * MARWANE LAKHAL * HA&#xCF;LA HESSOU* TH&#xC9;O PERRACHE * TH&#xC9;OPHILE DUBUS* </subfield>
  </datafield>
  <datafield tag="995" ind1=" " ind2=" ">
    <subfield code="2">0</subfield>
    <subfield code="5">2026-03-10</subfield>
    <subfield code="9">13926</subfield>
    <subfield code="c">JOL</subfield>
    <subfield code="f">JOL-007735</subfield>
    <subfield code="k">TH COLL X</subfield>
    <subfield code="n">2026-05-19</subfield>
    <subfield code="o">0</subfield>
    <subfield code="b">JOL</subfield>
    <subfield code="r">LIVR</subfield>
  </datafield>
</record>
